000 00589nam a2200229Ia 4500
003 OSt
005 20220924132504.0
006 a|||||r|||| 00| 0
007 ta
008 220923b |||||||| |||| 00| 0 san d
024 _a58318
037 _cTextual
040 _aARTS
_cARTS
_bsan
041 _2san
_asan
082 _aQ1:24x, 15H8;1
100 _aSastri Lakshaman ed
_9204340
245 0 _aIshadi Dashopanisad comm by Shanker
260 _c1948
650 _aRELIGION
942 _hQ1:24x, 15H8;1
_cTEXL
_2CC
999 _c430390
_d430390